000 00410nam a2200145 i 4500
001 bg
100 1 _aSZEMPLIŃSKA -STUPNICKA, W.
245 0 _aMulti-harmonic response in the regions of instability... /
_cW. Szemplińska-Stupnicka, J. Bajkowski.
260 _aWarszawa,
_c1979.
700 1 _aBAJKOWSKI, Józef
040 _cBPK
041 _apol
942 _cKS
008 s pl f |000 0 pol
999 _c21293
_d21293
856 _uhttp://koha.tu.koszalin.pl/cgi-bin/koha/opac-detail.pl?biblionumber=21293
_yKatalog online BPK